Southville International School and Colleges
Your cart is empty.
  • Cart
  • Lists
    Public lists Eva Luna New books Lux_list list_1
    Your lists Log in to create your own lists
  • Log in to your account
  • Your cookies
  • Search history
Southville International School and Colleges
  • Advanced search
  • Recent comments
  • Most popular
  • Libraries

Log in to your account

Log in with GOOGLE


If you do not have an external account, but do have a local account, you can still log in:

  1. Home
  2. MARC view: Woolly stops the train
Normal view MARC view ISBD view

Woolly stops the train (Record no. 365956)

[ view plain ]
MARC details
000 -LEADER
fixed length control field 00601nam a22002057a 4500
003 - CONTROL NUMBER IDENTIFIER
control field 0
005 - DATE AND TIME OF LATEST TRANSACTION
control field 20250917100316.0
008 - FIXED-LENGTH DATA ELEMENTS--GENERAL INFORMATION
fixed length control field 240425b xxu||||| |||| 00| 0 eng d
020 ## - INTERNATIONAL STANDARD BOOK NUMBER
International Standard Book Number 9780746061985
050 ## - LIBRARY OF CONGRESS CALL NUMBER
Classification number TR(PS
Item number Woo873 2019
082 ## - DEWEY DECIMAL CLASSIFICATION NUMBER
Classification number TR(PS
Item number Woo873 2019
100 ## - MAIN ENTRY--PERSONAL NAME
Personal name Amery, Heather
245 ## - TITLE STATEMENT
Title Woolly stops the train
Statement of responsibility, etc Heather Amery
260 ## - PUBLICATION, DISTRIBUTION, ETC. (IMPRINT)
Place of publication, distribution, etc London
Name of publisher, distributor, etc Usborne Publishing, Ltd.
Date of publication, distribution, etc c2019
300 ## - PHYSICAL DESCRIPTION
Extent unpaged:
Other physical details colored illustrations ;
Dimensions 22cm.
650 ## - SUBJECT ADDED ENTRY--TOPICAL TERM
Topical term or geographic name as entry element Sheep--Children's literature.
650 ## - SUBJECT ADDED ENTRY--TOPICAL TERM
Topical term or geographic name as entry element Children's stories.
650 ## - SUBJECT ADDED ENTRY--TOPICAL TERM
Topical term or geographic name as entry element Sheep--Picture Books.
942 ## - ADDED ENTRY ELEMENTS (KOHA)
Source of classification or shelving scheme Dewey Decimal Classification
Koha item type Easy Reading
Holdings
Withdrawn status Lost status Source of classification or shelving scheme Damaged status Home library Current library Shelving location Date acquired Source of acquisition Sub Shelving location Total Checkouts Full call number Barcode Date last seen Price effective from Koha item type
    Dewey Decimal Classification   Elizalde Library Elizalde Library Teachers Reference Section 09/17/2025 Library Fund     TR(PS Woo873 2019 E12582 09/17/2025 09/17/2025 Books
    Dewey Decimal Classification   Munich Library Munich Library Easy Reading Section 04/25/2024 Library Fund     ER Woo873 2019 M8511 04/25/2024 04/25/2024 Easy Reading

Woolly stops the train

APA

Amery H., . (2019). Woolly stops the train. London: Usborne Publishing, Ltd.

Chicago

Amery Heather, . 2019. Woolly stops the train. London: Usborne Publishing, Ltd.

Harvard

Amery H., . (2019). Woolly stops the train. London: Usborne Publishing, Ltd.

MLA

Amery Heather, . Woolly stops the train. London: Usborne Publishing, Ltd. 2019.

  • Place hold
  • Print
  • Cite
  • Add to your cart (remove)
  • Save record
    BIBTEX Dublin Core MARCXML MARC (non-Unicode/MARC-8) MARC (Unicode/UTF-8) MARC (Unicode/UTF-8, Standard) MODS (XML) RIS
  • More searches
    Search for this title in:
    Other Libraries (WorldCat) Other Databases (Google Scholar) Online Stores (Bookfinder.com) Open Library (openlibrary.org)

Exporting to Dublin Core...

SOUTHVILLE LIBRARY

Southville International School and Colleges Library

1281 Tropical Ave. Cor. Luxembourg St., BF Homes International, Las Pinas City

Tel. No. 8256374 / 252358 Loc. 117/146

Powered by Koha